000 00523pab a2200181 454500
008 180718b1996 xxu||||| |||| 00| 0 eng d
100 _aWeiner, Myron
245 _aChild labour in India: putting compulsory primary education on the political agenda
260 _c1996
300 _ap.3007-014
362 _a9 Nov
650 _aEducation, Primary - India
650 _aChild welfare - India
650 _aChild labour - India
650 _aChild workers
773 _aEconomic and Political Weekly
909 _a32542
999 _c32542
_d32542